000 00560cam a22002291 4500
001 sa 66002253
003 DLC
005 20260227112228.0
008 891019s1962 ii 000 0 tamo
010 _asa 66002253
035 _a(OCoLC)20512336
040 _aDLC
_cWaU
_dDLC
042 _apremarc
043 _aa-ii---
050 0 0 _aPL4758.2
_b.I7
100 1 _aIrācēntiran̲, C.
245 1 0 _aKāviyattil ōviyaṅkaḷ.
260 _c[1962]
300 _a110 p.
_c19 cm.
500 _aIn Tamil.
650 0 _aTamil poetry
_xHistory and criticism.
999 _c68252
_d68252